000 00651cab a2200217 4500
001 WB3508-18
008 090401t1999 xxu||||| |||| 00| 0 eng d
035 _a(Sirsi) u91594
041 _aeng
245 _aHouse prices
260 _c1999
350 _a0
490 _aIndependent
_v24 February 1999, 7
490 _aDaily Telegraph
_v24 February 1999, 35(1)
520 _aHouse prices rose overall by 5.88% in 1998 although there was a fall of 3.5% in the third and fourth quarters.
650 _a1998
650 _aHOUSE PRICES
690 _aPROPERTY-RESIDENTIAL PROPERTY-RESIDENTIAL PROPERTY MARKET
942 _n0
948 _c25/02/1999
999 _c58159
_d58159